000 00744cam a22002413a 4500
001 25861
003 PGUSA
005 20140828083545.0
008 080621s2008||||xxu|||||s|||||000 | eng d
040 _aPGUSA
_beng
042 _adc
050 4 _aPA
100 1 _aGellius, Aulus
245 1 0 _aStories from Aulus Gellius :
_bBeing Selections And Adaptations From The Noctes Atticae
_h[electronic resource] /
_cAulus Gellius
260 _bProject Gutenberg,
_c2008
506 _aPublic domain in the USA.
516 _aElectronic text
653 _aLatin language -- Readers
700 1 _aNall, G. Herbert
_q(George Herbert),
_d1860-
830 0 _aProject Gutenberg
_v25861
856 4 0 _uhttp://www.gutenberg.org/ebooks/25861
942 _cEB
999 _c255116
_d255116